| 000 | 00911nas a2200241 4500 | ||
|---|---|---|---|
| 001 | BR9200858 | ||
| 003 | BR-BrBNA | ||
| 005 | 20231205092321.0 | ||
| 007 | ta | ||
| 008 | 230509b bl.|||p| |||| 00| 00por d | ||
| 040 |
_aBR-BrBNA _bpor _cBiblioteca Nacional de Agricultura |
||
| 041 | _a(Pt) | ||
| 072 | _aH10 | ||
| 100 | 1 | _aGrazia, J. | |
| 100 | 1 | _aBonatto, S.L. | |
| 245 | 1 | _aContribuicao ao estudo de Mormidea Amyot Serville, 1843. 2: redescricao de Mormidea ambigua Berg, 1891 (Heteroptera, Pentatomini) | |
| 246 | 1 | _aContribution to the study of Mormidea Amyot Serville, 1843. 2: redescription of Mormidea ambigua Berg, 1891 (Heteroptera, Pentatomini) | |
| 650 | _aHETEROPTERO | ||
| 650 | _aBIOLOGIA | ||
| 773 | 0 |
_tAnais da Sociedade Entomologica do Brasil (Brazil) _xISSN 0301-8059 _g(1990), v. 19(1) p. 233-238 _wBR9200858 |
|
| 909 |
_a202311 _bLúcia _c55 _dLúcia Elande |
||
| 942 |
_2AGRIS _n0 _cANA |
||
| 999 |
_c130886 _d130886 |
||